Amerykańscy prezydenci – nagła śmierć - Statystyki

Ogólne statystyki
  • Ten quiz został rozwiązany 181 razy
  • Średni wynik to 9 z 25
Answers on the Grid
Answers color-coded by a green-red scale on the quiz's grid according to % correct below.
Adams
Albany
Arthur
Bedford
Bush
Carter
Carver
Charles
Chesterfield
Columbus
Coolidge
Edmunds
Fillmore
Franklin
Garfield
Greene
Hamilton
Hancock
Harding
Harrison
Hayes
Jackson
Jefferson
Johnson
Kennedy
Kent
Lincoln
Nixon
Obama
Pence
Peterson
Pittsfield
Polk
Randolph
Reagan
Redwood
Roosevelt
Smith
Stafford
Taft
Taliaferro
Taylor
Thompson
Tondale
Trump
Ward
Waszyngton
Wayne
Wilson
York
 
Statystyki odpowiedzi
Odpowiedź % Poprawnych
Obama
65%
Roosevelt
65%
Bush
61%
Waszyngton
61%
Reagan
60%
Lincoln
59%
Trump
58%
Kennedy
57%
Nixon
48%
Jefferson
42%
Wilson
40%
Carter
39%
Johnson
33%
Adams
31%
Garfield
26%
Harrison
26%
Jackson
24%
Polk
21%
Taft
21%
Coolidge
19%
Harding
19%
Fillmore
18%
Taylor
17%
Arthur
14%
Hayes
13%
Nie znaleziono quizów pasujących do podanych kryteriów
Rozkład punktacji
Procent ludzi z każdym wynikiem
Percentyl według liczby udzielonych odpowiedzi
Twoja historia wyników
Nie rozwiązałeś tego quizu